| 000 | 00675cam a22002414a 4500 | ||
|---|---|---|---|
| 003 | UPN | ||
| 005 | 20220621083631.0 | ||
| 008 | 120817s1999 es r 000 1 spa d | ||
| 020 | _a8424159772 | ||
| 035 | _aUPN01000186263 | ||
| 040 |
_aUPN _bspa _cUPN |
||
| 049 | _aCG | ||
| 050 | 4 |
_aPQ6710 I6.4 _bH3.2 |
|
| 100 | 1 |
_aJiménez Ariza, Antonio, _d1951- _933568 |
|
| 245 | 1 | 0 |
_aHáblame de eso / _cAntonio Jiménez Ariza. |
| 260 |
_aLeón, Esp. : _bEverest, _c1999 (2006 impr.). |
||
| 300 | _a130 p. | ||
| 490 | 0 | _aPunto de encuentro | |
| 500 | _aLa 4a ed. es una reimpresión | ||
| 650 | 4 |
_aLiteratura juvenil española _912359 |
|
| 905 | _aLibro | ||
| 942 |
_2lcc _cLIBRO |
||
| 999 |
_c158366 _d158366 |
||